| Tag |
First Indicator |
Second Indicator |
Subfields |
| LEADER |
00000cam a22000001a 4500 |
| 001 |
in00002154608 |
| 006 |
m e d # |
| 007 |
cr mn mmmmabba |
| 008 |
850315s1708 nyu s f000 0 eng d |
| 005 |
20260331152140.5 |
| 035 |
|
|
|z w006537
|
| 035 |
|
|
|a MAAR8503152604B
|
| 035 |
|
|
|9 mwa91-37909
|
| 035 |
|
|
|a 319105
|
| 035 |
|
|
|a aas03006537
|
| 040 |
|
|
|a MWA
|c MWA
|e bdrb
|d UtOrBLW
|
| 110 |
1 |
|
|a Great Britain.
|b Sovereign (1707-1714 : Anne)
|
| 245 |
1 |
0 |
|a Instructions to our trusty and vvell-beloved Coll. Vetch :
|b to be observed in his negotiations with the governors of several of our colonies in America. : Given at our court at St. James's the 28th of February, 1708. And in the seventh year of our reign.
|
| 264 |
|
3 |
|a [New York] :
|b [Printed by William Bradford],
|c [1708]
|
| 300 |
|
|
|a 3 pages, 1 unnumbered page ;
|c 30 cm. (folio)
|
| 336 |
|
|
|a text
|b txt
|2 rdacontent
|
| 337 |
|
|
|a computer
|b c
|2 rdamedia
|
| 338 |
|
|
|a online resource
|b cr
|2 rdacarrier
|
| 500 |
|
|
|a Caption title.
|
| 500 |
|
|
|a Ascribed to the press of William Bradford by Evans.
|
| 500 |
|
|
|a Royal arms at head of title.
|
| 500 |
|
|
|a "To our trusty and well beloved John Lord Lovelace ..."--page [4].
|
| 510 |
4 |
|
|a Evans
|c 1353
|
| 530 |
|
|
|a Microform version available in the Readex Early American Imprints series.
|
| 533 |
|
|
|a Electronic text and image data.
|b [Chester, Vt. :
|c Readex, a division of Newsbank, Inc.,
|d 2002-2004.
|e Includes files in TIFF, GIF and PDF formats with inclusion of keyword searchable text.
|f (Early American imprints. First series ; no. 1353).
|
| 500 |
|
|
|a Electronic resource.
|
| 651 |
|
0 |
|a United States
|x History
|y Queen Anne's War, 1702-1713.
|
| 651 |
|
0 |
|a Great Britain
|x Colonies
|z America.
|
| 700 |
1 |
|
|a Vetch, Samuel,
|d 1668-1732.
|
| 700 |
1 |
|
|a Lovelace, John Lovelace,
|c Baron,
|d -1709.
|
| 752 |
|
|
|a United States
|b New York
|d New York.
|
| 830 |
|
0 |
|a Early American imprints.
|n Series I,
|p Evans (1639-1800) ;
|v no. 1353.
|
| 856 |
4 |
1 |
|u http://proxy.library.tamu.edu/login?url=https://opac.newsbank.com/select/evans/1353
|y Evans Digital Edition
|t 0
|
| 999 |
|
|
|a MARS
|
| 999 |
f |
f |
|s 1db882bc-1850-38aa-82df-931187ce6003
|i 9257d1b6-c4b6-35cb-a27d-181c69d96ae9
|t 0
|
| 952 |
f |
f |
|a Texas A&M University
|b College Station
|c Electronic Resources
|s www_evans
|d Available Online
|t 0
|h No information provided
|
| 998 |
f |
f |
|t 0
|l Available Online
|